|
|
|
|
| LEADER |
00000nab a2200000 a 4500 |
| 001 |
vtls000088608 |
| 003 |
SK-MaSNL |
| 005 |
20260303031935.0 |
| 008 |
160202c1981 xo 0 cze |
| 015 |
|
|
|a SNBRB19rr/mm-uuuuu
|
| 035 |
|
|
|a CL0098711
|
| 040 |
|
|
|a SNKBUCL
|b slo
|c SNKBUCL
|e AACR2
|
| 041 |
0 |
|
|a cze
|
| 044 |
|
|
|a xo
|c SK
|
| 080 |
|
|
|a 885.0-7
|2 1981
|
| 100 |
1 |
|
|a Zelenka, Bedřich ml.
|4 aut
|9 1014424
|
| 245 |
1 |
0 |
|a Mravoučné slohové práce žáka 1. A. ZP
|c Bedřich ml. Zelenka
|
| 650 |
0 |
7 |
|a humoresky
|2 snkbucl
|9 73390
|
| 655 |
|
7 |
|a články z novín a časopisov
|2 snkbucl
|9 267496
|
| 655 |
|
7 |
|a články z odboru literárna veda a krásna literatúra
|2 snkbucl
|9 770045
|
| 773 |
0 |
|
|t Roháč
|g Roč. 34, č. 21 (1981), s. /16/
|
| 850 |
|
|
|a Slovenská národná knižnica v Martine
|a MTA001
|
| 852 |
|
|
|a SNK
|b KIS3GCP
|
| 958 |
|
|
|a RK
|
| 958 |
|
|
|a CZ
|
| 958 |
|
|
|a LX
|
| 958 |
|
|
|a SK
|
| 992 |
|
|
|a RBX
|
| 999 |
|
|
|c 1661239
|d 1663169
|